Bài tập đại số tuyến tính

Tallennettuna:
Bibliografiset tiedot
Päätekijä: Hoàng, Xuân sính
Muut tekijät: Trần, Phương Dung
Aineistotyyppi: Kirja
Kieli:Undetermined
Julkaistu: H. Giáo dục 2007
Aiheet:
Linkit:http://lrc.tdmu.edu.vn/opac/search/detail.asp?aID=2&ID=3237
Tagit: Lisää tagi
Ei tageja, Lisää ensimmäinen tagi!
Thư viện lưu trữ: Trung tâm Học liệu Trường Đại học Thủ Dầu Một
LEADER 00676nam a2200205Ia 4500
001 TDMU_3237
008 210410s9999 xx 000 0 und d
082 |a 512.50076 
090 |b H6508 
100 |a Hoàng, Xuân sính 
245 0 |a Bài tập đại số tuyến tính 
245 0 |c Hoàng Xuân sính, Trần Phương Dung 
260 |a H. 
260 |b Giáo dục 
260 |c 2007 
300 |a 207tr. 
650 |a Đại số tuyến tính  |v Bài tập 
700 |a Trần, Phương Dung 
856 |u http://lrc.tdmu.edu.vn/opac/search/detail.asp?aID=2&ID=3237 
980 |a Trung tâm Học liệu Trường Đại học Thủ Dầu Một